000 01382nam a22002417a 4500
001 3444
003 FISKH
005 20240710094937.0
008 240306b cb ||||| |||| 00| 0 eng d
040 _aFISK
_beng
_cFISK
_dFISK
082 _a823.92
100 _aMeres Jonathan
_d1958-
245 _aMay contain buts /
260 _aLondon :
_bOrchard books,
_c2015
300 _a273 pages :
_billustrations,
_c20 cm
490 _3The world of norm
_abook 8
505 _aK
520 _aThe eighth hilarious title in the award-winning, laugh-out-loud series, The World of Norm. Perfect for fans of Tom Gates and Diary of a Wimpy Kid. Norm knew it was going to be one of those days when he went to the toilet, just for something to do... But things can only get better, right? WRONG! If only Brian and Dave hadn't found Dad's million year old aftershave. If only Mikey wasn't feeling lower than a snake's backside. If only Chelsea would hurry up and move! It's all ifs and buts though. Or should that be whiffs and butts? Either way it's just so flipping unfair! With brilliantly funny illustrations throughout from Donough O'Malley. Praise for Jonathan Meres: 'Hilarious stuff from one of my comic heroes!' - Harry Hill 'Jonathan Meres is flipping funny!' - Eddie Izzard
521 8 _a550
_bLexile
700 _aJonathan Meres
942 _2ddc
_cBK
_n0
999 _c3444
_d3444